| 000 | 01381nam a22002894c 4500 | ||
|---|---|---|---|
| 003 | AR-BaSMT | ||
| 008 | 260310b2017 aga|||br|||| 001 1 spa d | ||
| 020 | _a9789873854293 | ||
| 040 |
_aBSGB _bespañol _cBSGB _erda |
||
| 041 | 0 |
_aspa _hespañol |
|
| 080 | _a82-312.4 | ||
| 100 | 1 |
_aKaufman, Ana María _9431 |
|
| 245 | 1 | 3 | _aEl misterio del robo en el museo |
| 250 | _aPrimera edición | ||
| 264 |
_aBuenos aires : _bDel Naranjo , _c2017 |
||
| 300 |
_a62 páginas _bIlustraciones blanco negro |
||
| 336 |
_2rdacontent _atexto _btxt |
||
| 337 |
_2rdamedia _asin mediación _bn |
||
| 338 |
_2rdacarrier _avolumen _bnc |
||
| 490 | _aSub20 | ||
| 520 |
_aMonte Hundido es un pueblo muy tranquilo, donde la gente vive sin sobresaltos, y hasta allí ha llegado una compañía teatral que promete diversión para todos los pobladores. Pero cuando los artistas apenas han comenzado a anunciar su espectáculo, alguien roba unas joyas muy antiguas y valiosas del museo del lugar. Y a la hora de buscar a los ladrones, hay quienes sospechan de los recién llegados simplemente porque nadie los conoce. Por fortuna, no todos piensan así. _uhttps://delnaranjo.com/producto/el-misterio-del-robo-en-el-museo/ 10/03/2026 |
||
| 521 | _aA partir de 9 años | ||
| 650 | 7 |
_98 _aLITERATURA INFANTIL |
|
| 650 | 7 |
_9312 _aNOVELA POLICIAL _zArgentina |
|
| 942 |
_2ddc _aBOOK |
||
| 999 |
_c596 _d596 |
||